Premier League All Time Table 1992-2026 - Statistics

General Stats
  • This quiz has been taken 2,284 times
    580 since last reset
  • The average score is 14 of 51
Answer Stats
Points Club % Correct
2,614 Manchester United
100%
2,473 Arsenal
95%
2,402 Liverpool
93%
2,366 Chelsea
90%
1,992 Tottenham Hotspur
87%
1,958 Manchester City
84%
1,747 Everton
75%
1,656 Newcastle United
64%
1,618 Aston Villa
58%
1,432 West Ham United
50%
1,100 Southampton
35%
970 Blackburn Rovers
31%
867 Leeds United
31%
846 Leicester City
30%
845 Fulham
25%
26 Luton Town
24%
756 Crystal Palace
22%
672 Sunderland
21%
497 Wolverhampton Wanderers
21%
490 West Bromwich Albion
17%
433 Brighton & Hove Albion
16%
274 Derby County
15%
402 Norwich City
15%
457 Stoke City
15%
575 Bolton Wanderers
14%
253 Brentford
14%
39 Blackpool
13%
53 Huddersfield Town
13%
308 Queens Park Rangers
13%
30 Swindon Town
13%
371 Burnley
12%
418 Nottingham Forest
12%
64 Cardiff City
11%
171 Hull City
11%
246 Ipswich Town
11%
661 Middlesbrough
11%
225 Sheffield United
11%
312 Swansea City
11%
35 Barnsley
10%
411 Bournemouth
10%
409 Coventry City
10%
293 Portsmouth
10%
285 Watford
10%
301 Birmingham City
9%
392 Sheffield Wednesday
9%
331 Wigan Athletic
9%
391 Wimbledon
9%
62 Bradford City
8%
361 Charlton Athletic
8%
89 Oldham Athletic
8%
119 Reading
8%
No matching quizzes found
Score Distribution
Percent of People with Each Score
Percentile by Number Answered
Your Score History
You have not taken this quiz since the last reset